Giáo trình xã hội học đô thị
Khái quát sự hình thành và phát triển của xã hội học đô thị. Cách tiếp cận và các trường phái chính trong xã hội học đô thị. Một số nét về quá trình đô thị hoá, cơ cấu xã hội và lối sống của cộng đồng dân cư đô thị, xã hội học và vấn đề nhà ở, quy hoạch và phát triển đô thị...
Uloženo v:
| Hlavní autor: | |
|---|---|
| Médium: | Kniha |
| Jazyk: | Vietnamese |
| Vydáno: |
H.
2009
|
| Témata: | |
| Tagy: |
Přidat tag
Žádné tagy, Buďte první, kdo otaguje tento záznam!
|
| Thư viện lưu trữ: | Mạng thư viện Đại học Đà Nẵng |
|---|
| LEADER | 01381nam a2200325 4500 | ||
|---|---|---|---|
| 001 | 000025140 | ||
| 003 | 21631 | ||
| 005 | 20170515100523.0 | ||
| 008 | 170515s2009 viesd | ||
| 020 | |c 26000 | ||
| 041 | 0 | |a vie | |
| 082 | 1 | 4 | |a 307.76 |b TR-L |
| 100 | 1 | |a Trịnh Duy Luân | |
| 245 | 1 | 0 | |a Giáo trình xã hội học đô thị |c Trịnh Duy Luân |
| 260 | |b H. |c 2009 | ||
| 300 | |a 162 tr. |b Hình |c 24 cm. | ||
| 520 | 3 | |a Khái quát sự hình thành và phát triển của xã hội học đô thị. Cách tiếp cận và các trường phái chính trong xã hội học đô thị. Một số nét về quá trình đô thị hoá, cơ cấu xã hội và lối sống của cộng đồng dân cư đô thị, xã hội học và vấn đề nhà ở, quy hoạch và phát triển đô thị | |
| 650 | 0 | 4 | |a Xã hội học |v Giáo trình |x Đô thị |
| 653 | |a Xã hội học | ||
| 653 | |a Đô thị | ||
| OWN | |a LSP | ||
| AVA | |a UDN50 |b LSP |d 307.76 TR-L |e check_holdings |t Error 5003 Not defined in file expand_doc_bib_avail. |h N |k 1 | ||
| 999 | |a From the UDN01 | ||
| AVA | |a UDN50 |b LSP |d 307.76 TR-L |e available |t Error 5001 Not defined in file expand_doc_bib_avail. |f 20 |g 0 |h N |i 4 |k 1 | ||
| TYP | |a Monograph | ||
| TYP | |a Printed language | ||
| 980 | |a Mạng thư viện Đại học Đà Nẵng | ||